O užitečnosti inferiorních výrobních kapacit

Dokonale konkurenčný trh, monopol a oligopol sú tri základné teoretické simplifikácie vzťahu výrobcu a spotrebiteľa. Oligopol vo svetovej a českej ekonomike. Modely oligopolu. Model koluzívneho oligopolu. Pôsobenie koluzívnych dohôd oligopolistov. Algoritmus pre určenie blokujúcich oligopolistov.

Gespeichert in:
Bibliographische Detailangaben
1. Verfasser: Maňas, Miroslav
Format: Buchkapitel
Sprache:Tschechisch
Schlagworte:
Tags: Tag hinzufügen
Keine Tags, Fügen Sie das erste Tag hinzu!

MARC

LEADER 00000naa a2200000 4500
001 r016510
005 20221205080234.2
041 0 |a cze 
044 |a CZ 
245 1 0 |a O užitečnosti inferiorních výrobních kapacit  |c Miroslav Maňas 
520 |a Dokonale konkurenčný trh, monopol a oligopol sú tri základné teoretické simplifikácie vzťahu výrobcu a spotrebiteľa. Oligopol vo svetovej a českej ekonomike. Modely oligopolu. Model koluzívneho oligopolu. Pôsobenie koluzívnych dohôd oligopolistov. Algoritmus pre určenie blokujúcich oligopolistov. 
610 2 0 |a hospodárstvo trhové 
610 2 0 |a trh 
610 2 0 |a oligopoly 
610 2 0 |a výrobky 
610 2 0 |a služby 
610 2 0 |a konkurencieschopnosť 
610 2 0 |a legislatíva 
610 2 0 |a ceny 
610 2 0 |a náklady 
610 2 0 |a zisk 
610 2 0 |a dopyt 
610 2 0 |a spotrebitelia 
610 2 0 |a svet 
610 2 0 |a Česko 
100 1 |a Maňas, Miroslav